00277nam a22000977a 4500008004100000020001500041082001600056100002800072245007000100300000900170230620b xxu||||| |||| 00| 0 eng d a0871872757 a324.56bRUS cCongressional Quarterly aNational Party Conventions 1831-1980bCongressional Quarterly Inc a245p